00420nam a2200133 a 4500020002700000020003000027082001600057100002000073245005000093260004200143300000900185650002200194856007000216 a0026675935 (paperback) a9780026675932 (paperback) a658.514 COU1 aCoulter,Susan.J10aStudent wkbk T/a production syst technology / a[S.l.] :bMcGraw-Hill Inc.,US,c1992. a126p asystem technology40uhttp://www.amazon.com/exec/obidos/ASIN/0026675935/chopaconline-20